000 00588nam a2200193Ia 4500
005 20250326145002.0
008 250326s9999 xx 000 0 und d
020 _a81-7188-411-3
037 _aTextbook
040 _aFMSL
_beng
_cFMSL
041 _aeng
_2eng
084 _aX9B.44 P4
_qFMSL
100 _aDebroy Bibek Ed.
245 0 _aSmall-scale industry in India: Large scale exit problems
_cDebroy Bibek Ed.; Bhandari Laveesh
260 _aNew Delhi
_bNew Delhi, Academic Foundation
_c2005
300 _a238p
942 _cTB
_hX9B.44 P4
999 _c1305922
_d1305922